MARC

LEADER 00000nam0a2200000 4500
001 246635
005 20231101232226.0
035 |a (RuTPU)RU\TPU\book\268088 
090 |a 246635 
100 |a 20131206d1983 m y0rusy50 ca 
101 0 |a rus 
102 |a RU 
105 |a y z 000zy 
200 1 |a Книга для родителей  |f А. С. Макаренко 
210 |a Москва  |c Педагогика  |d 1983 
215 |a 160 с. 
606 1 |a Воспитание в семье  |2 stltpush  |3 (RuTPU)RU\TPU\subj\3706  |9 32082 
610 1 |a педагогика 
610 1 |a воспитание 
610 1 |a семья 
610 1 |a дети 
610 1 |a родители 
686 |a Ч49  |v LBC/SL-A  |2 rubbk 
700 1 |a Макаренко  |b А. С.  |c российский педагог  |c писатель  |f 1888-1939  |g Антон Семенович  |2 stltpush  |3 (RuTPU)RU\TPU\pers\13261  |9 3934 
801 1 |a RU  |b 63413507  |c 20131206 
801 2 |a RU  |b 63413507  |c 20220111  |g RCR 
942 |c BK